000 00266 a2200109 4500
001 51224
040 _cAnchieta - Pituba
240 1 0 _aMit Pasch 12.035 Km
_l
245 1 0 _aMit Pasch 12.035 Km
650 4 _aLínguas germânicas (teutônicas) língua alemã
942 _cMX
999 _c51224
_d51224